Grammatical metaphor: views from systemic functional linguistics
Kaydedildi:
| Asıl Yazarlar: | , , |
|---|---|
| Materyal Türü: | Kitap |
| Dil: | İngilizce |
| Baskı/Yayın Bilgisi: |
Amsterdam
John Benjamins
2003
|
| Seri Bilgileri: | Amsterdam Studies in the Theory and History of Linguistic Science, 236
|
| Konular: | |
| Etiketler: |
Etiketle
Etiket eklenmemiş, İlk siz ekleyin!
|
MARC
| LEADER | 00000nam a2200000 a 4500 | ||
|---|---|---|---|
| 001 | UCL6093 | ||
| 003 | CL-VaPUC | ||
| 008 | 040326e20030000NE |||||||||||||||||eng|d | ||
| 020 | |a 902724748X | ||
| 082 | 0 | 4 | |a 415 |b SIM |2 21 |
| 100 | 0 | |a Simon-Vandenbergen, Anne-Marie |e author |9 483842 | |
| 700 | 0 | |a Taverniers, Miriam |e author |9 483843 | |
| 700 | 0 | |a Ravelli, Louise |e author |9 483844 | |
| 245 | 1 | 0 | |a Grammatical metaphor: views from systemic functional linguistics |
| 300 | |a 453 p | ||
| 942 | |c BK | ||
| 945 | |d 20040326 00:00:00 |a cmena | ||
| 260 | |a Amsterdam |b John Benjamins |c 2003 | ||
| 650 | 0 | |a Gramática |9 270497 | |
| 650 | 7 | |a METAFORA |2 CL-VaPUC |9 331834 | |
| 650 | 0 | |a Adquisición del lenguaje |9 309032 | |
| 583 | |a last modification |c 20040326 00:00:00 |k Rodrigo Vera | ||
| 490 | 0 | |a Amsterdam Studies in the Theory and History of Linguistic Science, 236 | |
| 999 | |c 308365 |d 308363 | ||
| 952 | |0 0 |1 0 |4 0 |6 415_000000000000000_SIM_2003 |7 0 |8 A |9 374865 |a FDOPOS |b FDOPOS |d 2019-11-21 |i 3987671 |o 415 SIM 2003 |p 3987671 |r 2025-01-22 |w 2019-11-21 |y BK |k MLA | ||
| 952 | |0 0 |1 0 |4 0 |6 415_000000000000000_SIM_2003 |7 0 |8 A |9 374866 |a FDOPOS |b FDOPOS |d 2019-11-21 |i 4016181 |o 415 SIM 2003 |p 4016181 |r 2025-01-22 |w 2019-11-21 |y BK |k MLA | ||